| 000 | 00598nam a22001937a 4500 | ||
|---|---|---|---|
| 999 |
_c5678 _d5678 |
||
| 003 | AR-CdUCM | ||
| 008 | 190313b ||||| |||| 00| 0 spa d | ||
| 040 |
_aMUNICIPALIDAD PROVINCIAL DEL CUSCO _cBIBLIOTECA MUNICIPAL DEL CUSCO |
||
| 082 |
_a869.96 / _bB88 |
||
| 100 |
_aBueno, Salvador _916929 |
||
| 245 | _aCuentos Cubanos del siglo XX | ||
| 260 |
_aLa Habana : _bEditorial de arte y literatura, _c1977. |
||
| 300 |
_a287 páginas ; _c18 cm. |
||
| 500 | _aDonación de la familia Nieto. | ||
| 505 | _aCuentos varios. | ||
| 650 |
_aCuentos cubanos. _911532 |
||
| 942 |
_2ddc _cLIBROS |
||
| 945 | _awfj | ||